| 000 | 00446nam a2200169Ia 4500 | ||
|---|---|---|---|
| 003 | GCL | ||
| 008 | 140319s9999 xx 000 0 eng d | ||
| 040 |
_aGCL / _cGCL |
||
| 082 | 0 | 4 |
_a611 _bM L |
| 100 | 1 | _aMOFFAT, D. B. | |
| 245 | 1 | 0 |
_aLECTURE NOTES ON ANATOMY, 2ND ED / _cMOFFAT, D. B. |
| 260 |
_a[S.N] : _bBLACKWELL SCIENTIFIC PUBLICATIONS ، _c1993 |
||
| 300 | _a416 P | ||
| 650 | 0 | 4 | _aANATOMY |
| 650 | 0 | 4 | _aHUMAN - ANATOMY |
| 942 |
_2ddc _cBK |
||
| 999 |
_c21239 _d21239 |
||